Geography Quiz

Random Geography or City Quiz

Cities Sorting Gallery IX Quiz Stats

 Plays Quiz Updated Apr 14, 2019

Score 0/55 Timer 07:00
12 Plays Today
% Correct
Helsinki
94.7%
Bogotá
89.9%
Jerusalem
89.3%
Baghdad
88.3%
Tel Aviv
87.8%
Luxembourg
86.1%
Tunis
84.5%
Addis Ababa
83.8%
Jyväskylä
83.8%
Nazareth
82.9%
Belize
82.1%
Mosul
78.1%
Cartagena
77.3%
Barranquilla
76.9%
Haifa
76.8%
Medellín
76.8%
Basra
75.3%
Espoo
74.6%
Antananarivo
74.4%
Cúcuta
72.7%
Santa Marta
72.2%
Lappeenranta
69%
Porvoo
68.3%
Vantaa
67.2%
Belmopan
67.1%
Antsiranana
65.2%
Cali
65.1%
Beersheba
64%
% Correct
Eilat
62.2%
Antsirabe
59.1%
Turku
58.7%
Apia
55.5%
Rovaniemi
54.4%
Kirkuk
54.4%
Petah Tikva
54.2%
Dire Dawa
52.9%
Corozal Town
52.3%
Oulu
51.2%
Ibagué
51.1%
Pereira
49.7%
Erbil
48.3%
Fianarantsoa
47.1%
Tampere
45.7%
Karbala
45.6%
Hawassa
41%
Orange Walk Town
40.7%
Nu'u
39.7%
Mahajanga
38.7%
Toamasina
36.6%
Sulaymaniyah
36.5%
Acre
33.7%
Sousse
32.9%
Sfax
29.1%
Mekelle
24.5%
Gondar
23.2%

You're not logged in!

Compare scores with friends on all Sporcle quizzes.
OR
Log In

Sporcle TV

Today on Sporcle TV


Watch our educational content, quiz creation guides, and fun videos on Sporcle TV.

Show Comments

Extras

Top Quizzes Today


Score Distribution

Your Account Isn't Verified!

In order to create a playlist on Sporcle, you need to verify the email address you used during registration. Go to your Sporcle Settings to finish the process.

Report this User

Report this user for behavior that violates our Community Guidelines.

Details: